Fresh prince of Bel Air lyrics - Statistics

General Stats
  • This quiz has been taken 890 times
  • The average score is 138 of 191
Answer Stats
Answers % Correct
i
99%
a
97%
my
95%
and
93%
got
93%
of
93%
the
93%
up
93%
bel-air
92%
in
92%
is
92%
to
92%
no
91%
yo
91%
all
90%
you
89%
about
88%
this
88%
story
87%
how
86%
on
86%
down
85%
life
85%
prince
85%
upside
85%
west
83%
turned
82%
born
80%
mom
80%
raised
79%
sit
79%
uncle
79%
called
78%
fight
78%
little
77%
Now
77%
playground
77%
scared
77%
there
77%
town
77%
your
77%
days
76%
most
76%
said
76%
good
75%
right
75%
where
75%
couple
74%
guys
74%
one
74%
out
74%
spent
74%
trouble
74%
became
73%
started
72%
take
72%
tell
72%
were
72%
flipped
71%
moving
71%
philadelphia
71%
with
71%
auntie
70%
just
70%
making
70%
minute
70%
school
70%
she
70%
when
70%
like
68%
bball
66%
chillin'
66%
neighborhood
66%
outside
66%
relaxin'
66%
cool
65%
i'd
65%
shootin'
64%
some
64%
you're
62%
cab
61%
was
61%
i'll
60%
who
57%
maxin'
55%
fresh
53%
home
48%
it
47%
later
46%
smell
46%
dice
45%
for
43%
mirror
42%
or
41%
ya
41%
came
40%
house
40%
seven
40%
eight
38%
near
38%
pulled
38%
that
37%
plate
36%
throne
36%
whistled
36%
as
33%
had
33%
at
32%
rare
32%
yelled
31%
finally
30%
kingdom
30%
looked
28%
but
27%
forget
27%
if
27%
thought
27%
say
25%
anything
24%
could
24%
homes
23%
nah
21%
cabby
20%
licence
18%
settle
6%
No matching quizzes found
Score Distribution
Percent of People with Each Score
Percentile by Number Answered
Your Score History
You have not taken this quiz